[Event "Wch Amateurs U2000"]
[Site "Rhodes"]
[Date "2024.10.31"]
[Round "5"]
[White "Kirdyashkina, Ekaterina"]
[Black "Sundui, Sonom"]
[Result "1/2-1/2"]
[WhiteElo "1971"]
[BlackElo "1861"]
[PlyCount "179"]
[EventDate "2024.10.27"]
[EventType "swiss"]
[EventRounds "9"]
[EventCountry "GRE"]
[SourceTitle "CB45_2024"]
[Source "ChessBase"]
[SourceDate "2024.11.06"]
[SourceVersion "1"]
[SourceVersionDate "2024.11.06"]
[SourceQuality "1"]

1. e4 d5 2. exd5 Qxd5 3. Nc3 Qa5 4. d4 Nf6 5. Nf3 Bf5 6. Bd3 e6 7. 0-0 Bd6 8. Re1 Bg4 9. h3 Bh5 10. g4 Bg6 11. Ne5 c6 12. Qf3 Bxd3 13. cxd3 Bxe5 14. dxe5 Nd5 15. Bd2 Nxc3 16. bxc3 Nd7 17. Qf4 Qd5 18. Re3 c5 19. c4 Qc6 20. h4 h5 21. Qg5 hxg4 22. Qxg7 0-0-0 23. Re4 Rhg8 24. Qh6 Rg6 25. Qh7 Rgg8 26. Bg5 Rdf8 27. Re3 Rg6 28. Qh5 Rfg8 29. Qxg4 Nf8 30. f4 R6g7 31. Rb1 Ng6 32. Kf2 Ne7 33. Qf3 Qd7 34. Re2 Nc6 35. Reb2 b6 36. Qe4 Qd4+ 37. Qxd4 Nxd4 38. a4 Nc6 39. Ke3 Kb7 40. Rb5 Kc7 41. R5b2 Kb7 42. Ke4 Kc7 43. Rf1 Nd4 44. a5 Nf5 45. Ra1 Rb8 46. axb6+ axb6 47. Ra7+ Rb7 48. Ra8 Rh7 49. Bf6 Ng3+ 50. Kf3 Nf5 51. Kg4 Ne3+ 52. Kh3 Nf5 53. Rba2 b5 54. cxb5 Rxb5 55. R2a7+ Rb7 56. Ra3 Rb4 57. Bd8+ Kc6 58. R3a6+ Kd5 59. Bg5 Kd4 60. Rd8+ Ke3 61. Ra3 Ke2 62. Rc8 Nxh4 63. Rxc5 Nf5+ 64. Kg2 Rb2 65. Rac3 Ne3+ 66. Kg3 Rh1 67. Rc1 Nf1+ 68. Kg4 Rg1+ 69. Kh5 Rh1+ 70. Kg4 Ne3+ 71. Kg3 Nf5+ 72. Kg4 Ne3+ 73. Kg3 Nf1+ 74. Kg4 Kd2 75. f5+ Kxd3 76. R1c3+ Kd4 77. R3c4+ Kd3 78. Rc3+ Ke2 79. Rc2+ Rxc2 80. Rxc2+ Kd3 81. Rf2 Rg1+ 82. Kh4 Ke4 83. fxe6 fxe6 84. Kh5 Kxe5 85. Ra2 Ng3+ 86. Kh4 Nf5+ 87. Kh5 Nd4 88. Be3 Rg8 89. Ra6 Kf5 90. Bxd4 1/2-1/2